|
|
|
|
| LEADER |
00000nab a2200000uu 4500 |
| 001 |
vtls010892628 |
| 003 |
SK-MaSNL |
| 005 |
20260303110721.0 |
| 008 |
230121|2008 xo |||||||||||||||||slo| |
| 015 |
|
|
|a SNBRB
|
| 035 |
|
|
|a (urnnbn)urn:nbn:sk:snk:ar-0069jk
|
| 035 |
|
|
|a (uuid)4a2db46d-d7e8-402b-96fe-d5607f0c2104
|
| 035 |
|
|
|a urn:nbn:sk:snk-ab8m4p
|
| 040 |
|
|
|a SNKBUCL
|b slo
|c SNKBUCL
|e AACR2
|
| 041 |
0 |
|
|a slo
|
| 044 |
|
|
|a xo
|c SK
|
| 100 |
1 |
|
|a Behýlová, Júlia
|4 aut
|9 268329
|
| 245 |
1 |
0 |
|a PhDr. KLÁRA BUZÁSSYOVÁ, CSc., rod. FODOROVÁ
|c Júlia Behýlová, Ladislav Dvonč
|
| 700 |
1 |
|
|a Dvonč, Ladislav,
|d 1926-2003
|4 aut
|9 101854
|
| 773 |
0 |
|
|t Jazykovedný časopis
|g Roč. 59, č. 1-2 (2008), s. 152-159
|
| 954 |
|
|
|a odborná, vedecká literatúra pôvodná (slovenská)
|2 lita
|
| 958 |
|
|
|a OND
|
| 958 |
|
|
|a EUIPO
|
| 958 |
|
|
|a article10
|
| 999 |
|
|
|c 1871997
|d 1873927
|